| 000 | 01223nam a2200289 i 4500 | ||
|---|---|---|---|
| 001 | bg | ||
| 100 | 1 | _aLeBEAU, Charles | |
| 245 | 1 | 0 |
_aKomputerowa analiza rynków terminowych / _cCharles LeBeau, David W. Lucas ; przeł. Krzysztof Środa. |
| 246 |
_iTyt. oryg.: _aTechnical traders guide to computer analysis of the futures market |
||
| 260 |
_aWarszawa : _bWIG-Press, _c1998. |
||
| 300 |
_aXVI, 254 s. : _bwykr. ; _c25 cm. |
||
| 490 | 1 | _aBiblioteka Inwestora | |
| 500 | _aTyt. oryg.: "Technical traders guide to computer analysis of the futures market" 1992. - Na okł. podtyt.: projektowanie systemów, narzędzia techniczne, testowanie systemów, transakcje jednodniowe, wzory wskaźników technicznych. | ||
| 650 | 9 |
_aKomputery _xstosowanie _xgospodarka |
|
| 650 | 9 |
_aTransakcja terminowa _xbadanie _xmetody |
|
| 700 | 1 | _aLUCAS, David W. | |
| 700 | 1 |
_aŚRODA, Krzysztof. _eTł. |
|
| 830 | _aBiblioteka Inwestora | ||
| 020 | _a8387014176 | ||
| 040 | _cBPK | ||
| 041 | 1 |
_apol _heng |
|
| 080 | _a336.764/.768:004.94 | ||
| 920 | _a83-87014-17-6 | ||
| 942 | _cKS | ||
| 008 | s pl f |000 0 pol | ||
| 999 |
_c45973 _d45973 |
||
| 856 |
_uhttp://koha.tu.koszalin.pl/cgi-bin/koha/opac-detail.pl?biblionumber=45973 _yKatalog online BPK |
||